Health and efficiency : a sociology of health economics

Αποθηκεύτηκε σε:
Λεπτομέρειες βιβλιογραφικής εγγραφής
Κύριος συγγραφέας: Ashmore, Malcolm
Άλλοι συγγραφείς: Mulkay, M. J. (Michael Joseph) 1936-, Pinch, T. J. (Trevor J.)
Μορφή: Βιβλίο
Γλώσσα:English
Δημοσίευση: Milton Keynes [England] : Philadelphia : Open University Press, 1989
Θέματα:
Ετικέτες: Προσθήκη ετικέτας
Δεν υπάρχουν, Καταχωρήστε ετικέτα πρώτοι!

MARC

LEADER 00000cam a2200000 i 4500
001 1/21179
008 930903s1989 eng d
020 |a 0335099130 ((pbk.)) 
020 |a 0335099122 
035 |l 10021672 
040 |a GR-MY-UA  |b gre  |e aacr 
041 0 |a eng 
082 0 |a 338.4736210941 
100 1 |a Ashmore, Malcolm. 
245 1 0 |a Health and efficiency :  |b a sociology of health economics /  |c Malcolm Ashmore, Michael Mulkay, Trevor Pinch 
260 |a Milton Keynes [England] :   |a Philadelphia :   |b Open University Press,   |c 1989 
300 |a xii, 224 p.;  |c 24 cm 
500 |a Includes index 
504 |a Bibliography: p. [214]-220 
650 0 0 |a Medical economics  |z Great Britain. 
650 0 0 |a Social medicine  |z Great Britain. 
650 0 0 |a National Health Service (Great Britain) 
700 1 |a Mulkay, M. J.  |q (Michael Joseph)  |d 1936- 
700 1 |a Pinch, T. J.  |q (Trevor J.) 
852 |a INST  |b CHIOS  |e 19930903  |h 338.4736210941 ASH  |p 005200005261  |q 005200005261  |t BK  |y 0 
909 |a Χ  |b 024906